000 02262njm a2200409Ia 4500
001 26083
003 IT-RoPAU
005 20220918181117.0
008 131025s9999 xx 000 0 und d
040 _aIT-RoPAU
040 _cIT-RoPAU
999 _c99519
_d99519
999 _bn.d.
100 _aAA.VV.
_9794
100 _eAutore musica
_915556
100 _gCodice autore musica SPICS: 12000
_9796
245 _aArpa romantica (L')
250 _a1a ed.
260 _aROMA
260 _bSPICS RECORDS
_c1985 [1a Ed.:1978 - Ed. Lingua Orig.: 1980]
300 _aMUSICASSETTA
300 _c46 minuti (Testo: pag.)
500 _aMusica strumentale
505 _aLe Sylphe - Studio n 5 - Variations sur la chanson russe - Notturno - Valzer - Preludio in mi minore op 35 n 1 - Canzone irlandese "The Minstrel's Adieu To His Native Land" - Studio n 19 - Romanza in la b maggiore - Grande fantasie "La mandoline" - Melodie - Traumerei op 44
650 _aROMANTICA [CASSETTE]
_eCodice MATERIA SPICS: 9951
_915305
700 _aOberthur Charles
_dCodice autore musica SPICS: 16920
_eAutore musica
_pLe Sylphe
_915557
700 _aSor Fernando
_dCodice autore musica SPICS: 16921
_eAutore musica
_pStudio n 5
_915558
700 _aSikhra A.
_dCodice autore musica SPICS: 16922
_eAutore musica
_pVariations sur la chanson russe
_915559
700 _aGlinka Michail Ivanovic
_dCodice autore musica SPICS: 13793
_eAutore musica
_pNotturno
_915560
700 _aChopin Fryderyk
_dCodice autore musica SPICS: 8056
_eAutore musica
_pValzer
_915561
700 _aMendelssohn Felix
_dCodice autore musica SPICS: 3873
_eAutore musica
_pPreludio in mi minore op 35 n 1
_915562
700 _aThomas John
_dCodice autore musica SPICS: 16923
_eAutore musica
_pCanzone irlandese "The Minstrel's Adieu To His Native Land"
_915563
700 _aBochsa R.N.C.
_dCodice autore musica SPICS: 16924
_eAutore musica
_pStudio n 19
_915564
700 _aParish-Alvars Elias
_dCodice autore musica SPICS: 16925
_eAutore musica
_pRomanza in la b maggiore - Grande fantasie "La mandoline"
_915565
700 _aVarlamoff Alexander
_dCodice autore musica SPICS: 16926
_eAutore musica
_pMelodie
_915566
700 _aSchuecker Edmund
_dCodice autore musica SPICS: 16927
_eAutore musica
_pTraumerei op 44
_915567
942 _cMC
_2ddc